[Event "MCRE_O19"]
[Site "?"]
[Date "2004.??.??"]
[Round "?"]
[White "Urban, Milos"]
[Black "Galuska, Petr"]
[Result "0-1"]
[WhiteElo "1800"]
[BlackElo "1800"]
[PlyCount "58"]
[EventDate "2004.??.??"]
[EventType "corr"]
[EventRounds "2"]
[SourceDate "2005.03.12"]

1. e4 c6 2. d4 d5 3. Nc3 dxe4 4. Nxe4 Bf5 5. Ng3 Bg6 6. h4 h6 7. Nf3 Nd7 8. h5
Bh7 9. Bd3 Bxd3 10. Qxd3 Ngf6 11. Bf4 e6 12. O-O-O Qa5 13. Kb1 Be7 14. Ne4 Nxe4
15. Qxe4 Nf6 16. Qe2 Nxh5 17. Be5 Nf6 18. g4 O-O-O 19. g5 hxg5 20. Nxg5 Rxh1
21. Rxh1 Rf8 22. c3 Nd7 23. Nh7 Rg8 24. Rg1 f6 25. Bxf6 Qf5+ 26. Ka1 Bxf6 27.
Nxf6 Nxf6 28. f3 Nd5 29. a3 Nf4 0-1

[Event "MCRE_O19"]
[Site "?"]
[Date "2004.??.??"]
[Round "?"]
[White "Urban, Milos"]
[Black "Jezek, Otakar"]
[Result "0-1"]
[WhiteElo "1800"]
[BlackElo "1800"]
[PlyCount "82"]
[EventDate "2004.??.??"]
[EventType "corr"]
[EventRounds "2"]
[SourceDate "2005.03.12"]

1. e4 e5 2. Nf3 Nc6 3. Bb5 a6 4. Bxc6 dxc6 5. O-O Bg4 6. h3 Bh5 7. g4 Bg6 8.
Nxe5 Bd6 9. Nxg6 hxg6 10. Qf3 Be5 11. d3 Qh4 12. Kg2 O-O-O 13. Rh1 Ne7 14. Nd2
c5 15. Nc4 Nc6 16. Nxe5 Nxe5 17. Qg3 Qe7 18. f4 Nc6 19. c3 c4 20. d4 Qxe4+ 21.
Qf3 Qc2+ 22. Qf2 Qa4 23. f5 Ne7 24. f6 gxf6 25. Qxf6 Nd5 26. Qf2 f5 27. Bg5
Rdf8 28. Qe2 Qc6 29. Kg1 Re8 30. Qd2 fxg4 31. h4 Qd6 32. Qg2 Qd7 33. Rf1 Ne3
34. Bxe3 Rxe3 35. Rf4 Re1+ 36. Rf1 Qe6 37. Qf2 Rxf1+ 38. Qxf1 Qe3+ 39. Qf2 Qe4
40. a3 Kb8 41. Qg2 Qb1+ 0-1

[Event "MCRE_O19"]
[Site "?"]
[Date "2004.??.??"]
[Round "?"]
[White "Urban, Milos"]
[Black "Kosar, Zdenek"]
[Result "0-1"]
[WhiteElo "1800"]
[BlackElo "1800"]
[PlyCount "80"]
[EventDate "2004.??.??"]
[EventType "corr"]
[EventRounds "2"]
[SourceDate "2005.03.12"]

1. e4 e5 2. Nf3 Nc6 3. Bb5 a6 4. Bxc6 dxc6 5. O-O f6 6. d4 exd4 7. Nxd4 c5 8.
Nb3 Qxd1 9. Rxd1 Bg4 10. f3 Be6 11. Bf4 c4 12. Nd4 O-O-O 13. Nc3 Bf7 14. Nf5
Rxd1+ 15. Rxd1 g6 16. Ne3 Bc5 17. Kf2 Ne7 18. Ke2 Rd8 19. Rxd8+ Kxd8 20. Ng4
Ng8 21. Be3 Bd6 22. Bd4 h5 23. Nxf6 c5 24. Nxg8 cxd4 25. Nh6 dxc3 26. Nxf7+ Ke7
27. bxc3 Kxf7 28. h3 Bf4 29. Kf2 h4 30. Ke2 Kf6 31. Kd1 Be5 32. Kd2 Kg5 33. Ke3
b5 34. Ke2 Kf4 35. Kf2 g5 36. Kf1 Kg3 37. Kg1 Bxc3 38. Kh1 Bd4 39. a3 a5 40. c3
Bxc3 0-1

[Event "MCRE_O19"]
[Site "?"]
[Date "2004.??.??"]
[Round "?"]
[White "Urban, Milos"]
[Black "Tyrlik, Jaroslav"]
[Result "0-1"]
[WhiteElo "1800"]
[BlackElo "1895"]
[PlyCount "54"]
[EventDate "2004.??.??"]
[EventType "corr"]
[EventRounds "2"]
[SourceDate "2005.03.12"]

1. e4 e6 2. d4 d5 3. Nc3 Nf6 4. Bg5 Bb4 5. e5 h6 6. Bd2 Bxc3 7. bxc3 Ne4 8. Qg4
g6 9. Bd3 Nxd2 10. Kxd2 c5 11. h4 Qa5 12. Ne2 Rg8 13. h5 g5 14. f4 Nc6 15. dxc5
Qxc5 16. g3 b6 17. a4 Bb7 18. Bb5 a6 19. Bxc6+ Bxc6 20. Nd4 Bd7 21. Rhf1 Ra7
22. f5 Rc7 23. Qf3 exf5 24. Nxf5 Bxf5 25. Qxf5 Qxc3+ 26. Ke2 g4 27. e6 fxe6 0-1

[Event "MCRE_O19"]
[Site "?"]
[Date "2004.??.??"]
[Round "?"]
[White "Uxa, Tomas"]
[Black "Galuska, Petr"]
[Result "0-1"]
[WhiteElo "1800"]
[BlackElo "1800"]
[PlyCount "28"]
[EventDate "2004.??.??"]
[EventType "corr"]
[EventRounds "2"]
[SourceDate "2005.03.12"]

1. e4 c6 2. d4 d5 3. e5 Bf5 4. Nc3 e6 5. g4 Bg6 6. h4 h5 7. f3 hxg4 8. h5 Rxh5
9. Rxh5 Bxh5 10. fxg4 Qh4+ 11. Kd2 Bxg4 12. Nf3 Qf2+ 13. Qe2 Qxf3 14. Qxf3 Bxf3
0-1

[Event "MCRE_O19"]
[Site "?"]
[Date "2004.??.??"]
[Round "?"]
[White "Uxa, Tomas"]
[Black "Jezek, Otakar"]
[Result "0-1"]
[WhiteElo "1800"]
[BlackElo "1800"]
[PlyCount "34"]
[EventDate "2004.??.??"]
[EventType "corr"]
[EventRounds "2"]
[SourceDate "2005.03.12"]

1. e4 e5 2. Nf3 Nc6 3. d4 exd4 4. Nxd4 Bc5 5. Nf5 Qf6 6. f3 Nge7 7. Nxe7 Nxe7
8. Nc3 O-O 9. Rb1 d6 10. Nd5 Nxd5 11. Qxd5 Qh4+ 12. g3 Qf6 13. Be2 Be6 14. Qxb7
Qd4 15. Rf1 Qa4 16. b3 Qxa2 17. Rb2 Qa1 0-1

[Event "MCRE_O19"]
[Site "?"]
[Date "2004.??.??"]
[Round "?"]
[White "Uxa, Tomas"]
[Black "Kosar, Zdenek"]
[Result "0-1"]
[WhiteElo "1800"]
[BlackElo "1800"]
[PlyCount "26"]
[EventDate "2004.??.??"]
[EventType "corr"]
[EventRounds "2"]
[SourceDate "2005.03.12"]

1. e4 e5 2. Nf3 Nc6 3. Nc3 Nf6 4. d4 exd4 5. Nxd4 Bb4 6. a3 Bxc3+ 7. bxc3 Nxe4
8. Nxc6 dxc6 9. Qxd8+ Kxd8 10. Bb2 Re8 11. O-O-O+ Bd7 12. Re1 Nxf2 13. Rxe8+
Kxe8 0-1

[Event "MCRE_O19"]
[Site "?"]
[Date "2004.??.??"]
[Round "?"]
[White "Uxa, Tomas"]
[Black "Tyrlik, Jaroslav"]
[Result "0-1"]
[WhiteElo "1800"]
[BlackElo "1895"]
[PlyCount "52"]
[EventDate "2004.??.??"]
[EventType "corr"]
[EventRounds "2"]
[SourceDate "2005.03.12"]

1. e4 e6 2. d4 d5 3. e5 c5 4. dxc5 Nc6 5. Nf3 Bxc5 6. Bg5 Qb6 7. Be3 Bxe3 8.
fxe3 Qxb2 9. Nbd2 Nxe5 10. Rb1 Nxf3+ 11. Nxf3 Qxa2 12. Ne5 Qa5+ 13. Qd2 Qxd2+
14. Kxd2 a5 15. Bb5+ Ke7 16. Rhf1 Nf6 17. Ra1 Ne4+ 18. Kd3 Nd6 19. Ba4 f6 20.
Nf3 b5 21. Bb3 Ne4 22. Nd4 Ba6 23. Nc6+ Kd7 24. Nxa5 b4+ 25. c4 bxc3+ 26. Kc2
Bxf1 0-1